Introduction to forest science / (Record no. 33628)

MARC details
000 -LEADER
fixed length control field 01188pam a2200325 a 4500
001 - CONTROL NUMBER
control field 2454262
003 - CONTROL NUMBER IDENTIFIER
control field OSt
005 - DATE AND TIME OF LATEST TRANSACTION
control field 20220325145359.0
008 - FIXED-LENGTH DATA ELEMENTS--GENERAL INFORMATION
fixed length control field 890503s1990 nyua b 001 0 eng
010 ## - LIBRARY OF CONGRESS CONTROL NUMBER
LC control number 89034351
020 ## - INTERNATIONAL STANDARD BOOK NUMBER
International Standard Book Number 0471856045
040 ## - CATALOGING SOURCE
Original cataloging agency DLC
Transcribing agency HU
Modifying agency DLC
043 ## - GEOGRAPHIC AREA CODE
Geographic area code n-us---
050 00 - LIBRARY OF CONGRESS CALL NUMBER
Classification number SD373
Item number .I57 1990
082 00 - DEWEY DECIMAL CLASSIFICATION NUMBER
Classification number 634.9 YOU 1983
Edition number 20
245 00 - TITLE STATEMENT
Title Introduction to forest science /
Statement of responsibility, etc. Raymond A. Young, Ronald L. Giese, editors.
250 ## - EDITION STATEMENT
Edition statement 2nd ed.
260 ## - PUBLICATION, DISTRIBUTION, ETC.
Place of publication, distribution, etc. New York :
Name of publisher, distributor, etc. Wiley,
Date of publication, distribution, etc. c1990.
300 ## - PHYSICAL DESCRIPTION
Extent xviii, 586 p. :
Other physical details ill. ;
Dimensions 24 cm.
504 ## - BIBLIOGRAPHY, ETC. NOTE
Bibliography, etc. note Includes bibliographical references and index.
650 #0 - SUBJECT ADDED ENTRY--TOPICAL TERM
Topical term or geographic name entry element Forests and forestry.
9 (RLIN) 11238
650 #0 - SUBJECT ADDED ENTRY--TOPICAL TERM
Topical term or geographic name entry element Forests and forestry
Geographic subdivision United States.
9 (RLIN) 23355
700 1# - ADDED ENTRY--PERSONAL NAME
Personal name Young, Raymond Allen,
Dates associated with a name 1945-
9 (RLIN) 32058
700 1# - ADDED ENTRY--PERSONAL NAME
Personal name Giese, Ronald J.
9 (RLIN) 34123
856 4# - ELECTRONIC LOCATION AND ACCESS
Materials specified Table of Contents only
Uniform Resource Identifier <a href="http://www.loc.gov/catdir/toc/onix05/89034351.html">http://www.loc.gov/catdir/toc/onix05/89034351.html</a>
856 42 - ELECTRONIC LOCATION AND ACCESS
Materials specified Publisher description
Uniform Resource Identifier <a href="http://www.loc.gov/catdir/enhancements/fy0608/89034351-d.html">http://www.loc.gov/catdir/enhancements/fy0608/89034351-d.html</a>
906 ## - LOCAL DATA ELEMENT F, LDF (RLIN)
a 7
b cbc
c orignew
d 1
e ocip
f 19
g y-gencatlg
942 ## - ADDED ENTRY ELEMENTS (KOHA)
Source of classification or shelving scheme Dewey Decimal Classification
Koha item type Books like text book referance book
Suppress in OPAC No
Holdings
Withdrawn status Lost status Source of classification or shelving scheme Damaged status Not for loan Collection code Home library Current library Shelving location Date acquired Total Checkouts Full call number Barcode Date last seen Copy number Price effective from Koha item type
    Dewey Decimal Classification     Reference Wondo Genet Library Wondo Genet Library General Stacks 03/25/2022   634.9 YOU 1983 WGCFNRL00014887 03/25/2022 1 03/25/2022 Books like text book referance book
    Dewey Decimal Classification     Reference Wondo Genet Library Wondo Genet Library General Stacks 03/31/2022   634.9 YOU 1983 WGCFNRL00016180 03/31/2022 2 03/31/2022 Books like text book referance book